Clickable Christmas Carols Quiz Stats

 Plays Quiz not verified by Sporcle

Score 0/30 Timer 03:00
0 Plays Today
% Correct
Mommy
95.4%
Town
95.3%
Rudolph
93.7%
Manger
93.5%
Wish
93.5%
Bells
93.4%
Twelve
93.3%
Navidad
93.2%
Snow
93.2%
Rock
93.2%
Frosty
93.1%
Christmas
93%
Tree
93%
Joy
92.9%
Halls
92.9%
% Correct
Wonderland
92.8%
Holy
92.7%
Drummer
92.6%
Jolly
92.3%
Grandma
92.3%
Comes
92.3%
Hear
91.7%
Midnight
91.3%
Silent
91.2%
Nick
91.2%
Home
91.2%
Little
90%
Baby
89.8%
High
89.6%
Darling
74%

You're not logged in!

Compare scores with friends on all Sporcle quizzes.
OR
Log In

You Might Also Like...

Show Comments

Extras

Top Quizzes Today


Score Distribution

Your Account Isn't Verified!

In order to create a playlist on Sporcle, you need to verify the email address you used during registration. Go to your Sporcle Settings to finish the process.

Report this User

Report this user for behavior that violates our Community Guidelines.

Details: